Recuerdos de un viage [sic] por España. (Record no. 159316)
[ view plain ]
| 000 -LEADER | |
|---|---|
| campo de control de longitud fija | 01211nam a22002175i 4500 |
| 001 - NÚMERO DE CONTROL | |
| campo de control | 159316 |
| 003 - IDENTIFICADOR DE NÚMERO DE CONTROL | |
| campo de control | ES-MaACL |
| 005 - FECHA Y HORA DE LA ÚLTIMA TRANSACCIÓN | |
| campo de control | 20230906211537.0 |
| 008 - DATOS DE LONGITUD FIJA--INFORMACIÓN GENERAL | |
| campo de control de longitud fija | 940301m18491851sp |||| | spa d |
| 040 ## - FUENTE DE CATALOGACIÓN | |
| Centro catalogador/agencia de origen | AS |
| Lengua de catalogación | spa |
| 100 1# - ENTRADA PRINCIPAL--NOMBRE DE PERSONA | |
| Nombre de persona | Mellado, Francisco de Paula. |
| 9 (RLIN) | 129810 |
| 245 10 - MENCIÓN DEL TÍTULO | |
| Título | Recuerdos de un viage [sic] por España. |
| 260 ## - PUBLICACIÓN, DISTRIBUCIÓN, ETC. | |
| Lugar de publicación, distribución, etc. | Madrid : |
| Nombre del editor, distribuidor, etc. | [s.n.], |
| Fecha de publicación, distribución, etc. | 1849-1851 ( |
| Fabricante | Establecimiento tipográfico de Mellado) |
| 300 ## - DESCRIPCIÓN FÍSICA | |
| Extensión | 3 v. (2 h., 158 p., 1 h., 162 p., 1 h. grab., 11 h. de lám. ; 2 h., 170 p., 1 h., 145 p., 7 h. de lám. ; 1 h., 163 p., 142 p., 32 h. de lám.) ; |
| Dimensiones | 26 cm. |
| 505 8# - NOTA DE CONTENIDO CON FORMATO | |
| Nota de contenido con formato | Contiene: Primera y segunda parte: Castilla, León, Oviedo, Provincias Vascongadas, Asturias -- Tercera y cuarta parte: Galicia, Navarra, La Rioja, Aragón, Cataluña y Valencia -- Quinta y sexta parte: Andalucía, Estremadura [sic], Castilla la Nueva y Madrid |
| 530 ## - NOTA DISPONIBLE DE FORMULARIO FÍSICO ADICIONAL | |
| Nota de formato físico adicional disponible | Disponible en formato digital. |
| 593 ## - | |
| -- | Encabezamiento tomado de Palau, 160543. |
| 852 ## - LOCALIZACIÓN | |
| Ubicación | ES-MaACL |
| Número de control de estantería | B-4926 |
| Nota libre | -- Enc. pasta española |
| -- | -- 3 t. en 1 v. |
| 852 ## - LOCALIZACIÓN | |
| Ubicación | ES-MaACL |
| Número de control de estantería | R-1722-24 |
| Nota libre | -- Enc. hol. |
| Encuadernación | -- Olim: F-655-657 |
| 856 ## - LOCALIZACIÓN Y ACCESO ELECTRÓNICOS | |
| Identificador Uniforme de Recursos | <a href="http://bdh-rd.bne.es/viewer.vm?id=0000012378&page=1 ">http://bdh-rd.bne.es/viewer.vm?id=0000012378&page=1 </a> |
| Nota pública | Biblioteca Digital Hispánica |
| Estatus retirado | Estado de pérdida | Estado de daño | No para préstamo | Colección | Biblioteca de origen | Biblioteca actual | Ubicación en estantería | Fecha de adquisición | Total de préstamos | Signatura topográfica completa | Código de barras | Visto por última vez | Precio de reemplazo | Tipo de ítem Koha | Fuente de adquisición |
|---|---|---|---|---|---|---|---|---|---|---|---|---|---|---|---|
| Colección digital | Biblioteca del Ateneo de Madrid | Biblioteca del Ateneo de Madrid | Depósito | 17/01/2008 | R-1722-24 | 1166782 | 23/02/2023 | 23/02/2023 | Libro impreso antiguo | ||||||
| Colección digital | Biblioteca del Ateneo de Madrid | Biblioteca del Ateneo de Madrid | Sala Pardo Bazán | 17/01/2008 | B-4926 | 1166781 | 23/02/2023 | 23/02/2023 | Libro impreso antiguo |
